000 00790cam a2200241 a 4500
003 OSt
005 20240530110418.0
008 080530s2008 dcuab g b 001 0 eng
020 _a9780821375716 (pbk.)
020 _a9780821375723 (electronic)
040 _aEG-CaGPL
_cEG-CaGPL
043 _aaz-----
082 0 0 _221
_a954
_bG REF/O S
245 0 0 _aSouth Asia 2009 /
260 _aLondon :
_bWorld Bank,
_cc2009.
300 _axvii, 156 p. :
_bcol. ill.;
_c26 cm.
500 _aIssues for 2010- cataloged as a serial in LC.
_5DLC
504 _aIncludes bibliographical references and index.
650 0 _aAsia, South
_vCase studies.
856 4 1 _3Table of contents only
_uhttp://www.loc.gov/catdir/toc/ecip0819/2008022138.html
942 _2ddc
_cREF
999 _c60604
_d60604